000 00743nam a2200253Ia 4500
005 20260429111953.0
008 260429s9999||||xx |||||||||||||| ||und||
020 _a9783111080611
041 _aEnglish
082 _a006.693
_bSIN
100 _aSingh, Rupinder
245 0 _a3D printing :
_bpolymer, metal and gel based additive manufacturing /
_cRupinder Singh
260 _aGermany :
_bDe Gruyter,
_c2024.
300 _avi, 231 p.; hb
440 _aAdvanced mechanical engineering; v.10
650 _a 3D printing
650 _a Computer graphics
650 _a Three dimensional graphics
650 _aComputer science
700 _a Davim, J. Paulo
700 _a Kumar, Ranvijay
700 _a Kumar, Vinay
942 _cTB
999 _c51678
_d51678